Detekcia dezinformácií v prostredí webu

Saved in:
Bibliographic Details
Main Author: Rabatin, Juraj (Author)
Other Authors: Stupavský, Igor (Thesis advisor)
Format: Manuscript Book
Language:Slovak
Published: 2025
Subjects:
Online Access:http://is.stuba.sk/zp/portal_zp.pl?podrobnosti=184061
Tags: Add Tag
No Tags, Be the first to tag this record!

MARC

LEADER 00000ntm a22000003a 4500
001 stuzp105796
003 SK-STU
005 20250607211633.8
007 ta
008 150427s2015----xo-----f-mn---000-0-slo-d
040 |a STU  |b slo 
041 0 |a slo 
100 1 |a Rabatin, Juraj  |u 070200  |4 aut  |U FIIT Fakulta informatiky a informačných technológií  |T FIIT Ústav informatiky, informačných systémov a softvérového inžinierstva  |X 103102  |U I200  |Y 179  |7 103102 
242 0 1 |a Detection of disinformation in the web environment  |y eng 
245 1 0 |a Detekcia dezinformácií v prostredí webu 
260 |c 2025 
650 4 |a Python  |2 eng 
650 4 |a Browser extension  |2 eng 
650 4 |a Detection of disinformation  |2 eng 
650 4 |a Python  |2 slo 
650 4 |a Webové rozšírenie  |2 slo 
650 4 |a Detekcia dezinformácií  |2 slo 
700 1 |a Stupavský, Igor  |4 ths  |X 50946  |7 50946 
856 4 |u http://is.stuba.sk/zp/portal_zp.pl?podrobnosti=184061